| 000 | 00702nam a2200181Ia 4500 | ||
|---|---|---|---|
| 003 | GCL | ||
| 008 | 140319s9999 xx 000 0 ara d | ||
| 040 |
_aGCL / _cGCL |
||
| 082 | 0 | 4 |
_a929.1 _bص م |
| 100 | 1 | _aصالح هواش المسك | |
| 245 | 1 | 0 |
_aمن انساب العرب العاربة: قبائل الجبور الزبيدية القحطانية وجدهم السلطان جبر القحطانى / _cصالح هواش المسك |
| 300 | _a480 ص | ||
| 490 |
_aالهيئة العامة للاستعلامات _v0 |
||
| 650 | 0 | 4 | _aالانساب العربية |
| 650 | 0 | 4 | _aالانساب والاعراق |
| 650 | 0 | 4 | _aالقبائل العربية القحطانية |
| 942 |
_2ddc _cBK |
||
| 999 |
_c49474 _d49474 |
||